| 000 | 00505cam a22002052a 4500 | ||
|---|---|---|---|
| 001 | 021266 | ||
| 003 | AR-FADEU | ||
| 008 | 311216n2009####xxu####################dd | ||
| 020 | _a978-99905-40-57-4 | ||
| 092 |
_a301.84 _bT173 _eCL |
||
| 100 | _aTapia, Luis | ||
| 245 | _aLa coyuntura de la autonomÃa relativa del Estado | ||
| 260 | _aBuenos Aires | ||
| 260 | _bCLACSO | ||
| 260 | _bMuela del Diablo | ||
| 260 | _c2009 | ||
| 300 | _a218 p | ||
| 650 | _aSOCIOLOGIA-BOLIVIA/CL/ | ||
| 942 | _cCLACSO | ||
| 999 |
_c26984 _d26984 |
||